<?xml version="1.0" encoding="UTF-8"?>
<record
    xmlns:xsi="http://www.w3.org/2001/XMLSchema-instance"
    xsi:schemaLocation="http://www.loc.gov/MARC21/slim http://www.loc.gov/standards/marcxml/schema/MARC21slim.xsd"
    xmlns="http://www.loc.gov/MARC21/slim">

  <leader>02160nam a22002297a 4500</leader>
  <controlfield tag="001">6716</controlfield>
  <controlfield tag="003">FISKH</controlfield>
  <controlfield tag="005">20250918122418.0</controlfield>
  <controlfield tag="008">250522b        cb ||||| |||| 00| 0 eng d</controlfield>
  <datafield tag="040" ind1=" " ind2=" ">
    <subfield code="a">FISKH</subfield>
    <subfield code="b">khr</subfield>
    <subfield code="c">FISKH</subfield>
    <subfield code="d">FISKH</subfield>
  </datafield>
  <datafield tag="082" ind1=" " ind2=" ">
    <subfield code="a">495.932321</subfield>
  </datafield>
  <datafield tag="100" ind1=" " ind2=" ">
    <subfield code="a">Nat, Choun </subfield>
  </datafield>
  <datafield tag="245" ind1=" " ind2=" ">
    <subfield code="a">&#x179C;&#x1785;&#x1793;&#x17B6;&#x1793;&#x17BB;&#x1780;&#x17D2;&#x179A;&#x1798;&#x1781;&#x17D2;&#x1798;&#x17C2;&#x179A; : </subfield>
    <subfield code="b">Dictionaire Cambodgien /</subfield>
    <subfield code="c">&#x1780;&#x17B6;&#x179A;&#x1795;&#x17D2;&#x179F;&#x1796;&#x17D2;&#x179C;&#x1795;&#x17D2;&#x179F;&#x17B6;&#x1799;&#x179A;&#x1794;&#x179F;&#x17CB;&#x1796;&#x17BB;&#x1791;&#x17D2;&#x1792;&#x179F;&#x17B6;&#x179F;&#x1793;&#x1794;&#x178E;&#x17D2;&#x178C;&#x17B7;&#x178F;&#x17D2;&#x1799;</subfield>
  </datafield>
  <datafield tag="260" ind1=" " ind2=" ">
    <subfield code="a">&#x1797;&#x17D2;&#x1793;&#x17C6;&#x1796;&#x17C1;&#x1789; :</subfield>
    <subfield code="b">&#x1796;&#x17BB;&#x1791;&#x17D2;&#x1792;&#x179F;&#x17B6;&#x179F;&#x1793;&#x1794;&#x178E;&#x17D2;&#x178C;&#x17B7;&#x178F;&#x17D2;&#x1799; ,</subfield>
    <subfield code="c">&#x17E1;&#x17E9;&#x17E6;&#x17E7;&#x200B;,&#x200B;&#x17E1;&#x17E9;&#x17E6;&#x17E8;&#x200B; . </subfield>
  </datafield>
  <datafield tag="300" ind1=" " ind2=" ">
    <subfield code="a">1858&#x200B;&#x200B; pages : </subfield>
    <subfield code="b">illustrations ; </subfield>
    <subfield code="c">21 cm . </subfield>
  </datafield>
  <datafield tag="520" ind1=" " ind2=" ">
    <subfield code="a">&#x179C;&#x1785;&#x1793;&#x17B6;&#x1793;&#x17BB;&#x1780;&#x17D2;&#x179A;&#x1798;&#x1781;&#x17D2;&#x1798;&#x17C2;&#x179A; &#x178A;&#x17C2;&#x179B;&#x1794;&#x17C4;&#x17C7;&#x1796;&#x17BB;&#x1798;&#x17D2;&#x1796;&#x1795;&#x17D2;&#x179F;&#x17B6;&#x1799;&#x178A;&#x17C4;&#x1799;&#x179C;&#x17B7;&#x1791;&#x17D2;&#x1799;&#x17B6;&#x179F;&#x17D2;&#x1790;&#x17B6;&#x1793;&#x1796;&#x17BB;&#x1791;&#x17D2;&#x1792;&#x179F;&#x17B6;&#x179F;&#x1793;&#x17B6; &#x1782;&#x17BA;&#x1787;&#x17B6;&#x179C;&#x178F;&#x17D2;&#x1790;&#x17BB;&#x1792;&#x17B6;&#x178F;&#x17BB;&#x1797;&#x17B6;&#x179F;&#x17B6;&#x179C;&#x17B7;&#x1787;&#x17D2;&#x1787;&#x17B6;&#x178A;&#x17CF;&#x179F;&#x17C6;&#x1781;&#x17B6;&#x1793;&#x17CB;&#x1798;&#x17BD;&#x1799; &#x178A;&#x17C2;&#x179B;&#x1798;&#x17B6;&#x1793;&#x1782;&#x17C4;&#x179B;&#x1794;&#x17C6;&#x178E;&#x1784;&#x1790;&#x17C2;&#x179A;&#x1780;&#x17D2;&#x179F;&#x17B6; &#x1793;&#x17B7;&#x1784;&#x1795;&#x17D2;&#x179F;&#x1796;&#x17D2;&#x179C;&#x1795;&#x17D2;&#x179F;&#x17B6;&#x1799;&#x1797;&#x17B6;&#x179F;&#x17B6;&#x1781;&#x17D2;&#x1798;&#x17C2;&#x179A; &#x1787;&#x17B6;&#x1796;&#x17B7;&#x179F;&#x17C1;&#x179F;&#x1780;&#x17D2;&#x1793;&#x17BB;&#x1784;&#x1794;&#x179A;&#x17B7;&#x1794;&#x1791;&#x1793;&#x17C3;&#x1780;&#x17B6;&#x179A;&#x179F;&#x17B7;&#x1780;&#x17D2;&#x179F;&#x17B6;&#x1796;&#x17BB;&#x1791;&#x17D2;&#x1792;&#x179F;&#x17B6;&#x179F;&#x1793;&#x17B6;&#x17D4; &#x179C;&#x1785;&#x1793;&#x17B6;&#x1793;&#x17BB;&#x1780;&#x17D2;&#x179A;&#x1798;&#x1793;&#x17C1;&#x17C7; &#x1794;&#x17C6;&#x1796;&#x17C1;&#x1789;&#x178F;&#x17BD;&#x1793;&#x17B6;&#x1791;&#x17B8;&#x1787;&#x17B6;&#x1794;&#x17D2;&#x179A;&#x1797;&#x1796;&#x1799;&#x17C4;&#x1784;&#x179F;&#x1798;&#x17D2;&#x1794;&#x17BC;&#x179A;&#x1794;&#x17C2;&#x1794;&#x179F;&#x1798;&#x17D2;&#x179A;&#x17B6;&#x1794;&#x17CB;&#x17A2;&#x17D2;&#x1793;&#x1780;&#x179F;&#x17D2;&#x179A;&#x17B6;&#x179C;&#x1787;&#x17D2;&#x179A;&#x17B6;&#x179C; &#x179F;&#x17B7;&#x179F;&#x17D2;&#x179F;&#x17B6;&#x1793;&#x17BB;&#x179F;&#x17B7;&#x179F;&#x17D2;&#x179F; &#x1793;&#x17B7;&#x1784;&#x179F;&#x17B6;&#x1792;&#x17B6;&#x179A;&#x178E;&#x1787;&#x1793;&#x178A;&#x17C2;&#x179B;&#x1798;&#x17B6;&#x1793;&#x1785;&#x17C6;&#x178E;&#x17B6;&#x1794;&#x17CB;&#x17A2;&#x17B6;&#x179A;&#x1798;&#x17D2;&#x1798;&#x178E;&#x17CD;&#x1785;&#x17C6;&#x1796;&#x17C4;&#x17C7;&#x1797;&#x17B6;&#x179F;&#x17B6;&#x1781;&#x17D2;&#x1798;&#x17C2;&#x179A; &#x1793;&#x17B7;&#x1784;&#x1796;&#x17B6;&#x1780;&#x17D2;&#x1799;&#x179F;&#x1796;&#x17D2;&#x1791;&#x1796;&#x17BB;&#x1791;&#x17D2;&#x1792;&#x179F;&#x17B6;&#x179F;&#x1793;&#x17B6;&#x17D4;</subfield>
  </datafield>
  <datafield tag="520" ind1=" " ind2=" ">
    <subfield code="a">The Khmer Dictionary published by the Buddhist Institute is a significant linguistic resource aimed at preserving and promoting the Khmer language, especially in the context of Buddhist studies. This dictionary serves as a comprehensive reference for scholars, students, and the general public interested in the Khmer language and its Buddhist terminology.&#x200B;</subfield>
  </datafield>
  <datafield tag="650" ind1=" " ind2=" ">
    <subfield code="a">&#x179C;&#x1785;&#x1793;&#x17B6;&#x1793;&#x17BB;&#x1780;&#x17D2;&#x179A;&#x1798;&#x1781;&#x17D2;&#x1798;&#x17C2;&#x179A;</subfield>
  </datafield>
  <datafield tag="650" ind1=" " ind2=" ">
    <subfield code="a">Khmer dictionary </subfield>
  </datafield>
  <datafield tag="942" ind1=" " ind2=" ">
    <subfield code="2">ddc</subfield>
    <subfield code="c">KHB</subfield>
    <subfield code="n">0</subfield>
  </datafield>
  <datafield tag="999" ind1=" " ind2=" ">
    <subfield code="c">6716</subfield>
    <subfield code="d">6716</subfield>
  </datafield>
  <datafield tag="952" ind1=" " ind2=" ">
    <subfield code="0">0</subfield>
    <subfield code="1">0</subfield>
    <subfield code="2">ddc</subfield>
    <subfield code="4">0</subfield>
    <subfield code="7">0</subfield>
    <subfield code="8">KH</subfield>
    <subfield code="a">002</subfield>
    <subfield code="b">002</subfield>
    <subfield code="c">SKB</subfield>
    <subfield code="d">2025-05-22</subfield>
    <subfield code="l">0</subfield>
    <subfield code="o">NAT 495.932321</subfield>
    <subfield code="p">FISSE02382</subfield>
    <subfield code="r">2025-05-22 11:18:56</subfield>
    <subfield code="t">1</subfield>
    <subfield code="w">2025-05-22</subfield>
    <subfield code="y">KHB</subfield>
  </datafield>
  <datafield tag="952" ind1=" " ind2=" ">
    <subfield code="0">0</subfield>
    <subfield code="1">0</subfield>
    <subfield code="2">ddc</subfield>
    <subfield code="4">0</subfield>
    <subfield code="7">0</subfield>
    <subfield code="8">KH</subfield>
    <subfield code="a">002</subfield>
    <subfield code="b">002</subfield>
    <subfield code="c">SKB</subfield>
    <subfield code="d">2025-06-04</subfield>
    <subfield code="l">0</subfield>
    <subfield code="o">NAT 495.932321</subfield>
    <subfield code="p">2025-1461</subfield>
    <subfield code="r">2025-06-04 08:39:36</subfield>
    <subfield code="t">2</subfield>
    <subfield code="w">2025-06-04</subfield>
    <subfield code="y">KHB</subfield>
  </datafield>
  <datafield tag="952" ind1=" " ind2=" ">
    <subfield code="0">0</subfield>
    <subfield code="1">0</subfield>
    <subfield code="2">ddc</subfield>
    <subfield code="4">0</subfield>
    <subfield code="7">0</subfield>
    <subfield code="8">KH</subfield>
    <subfield code="a">001</subfield>
    <subfield code="b">001</subfield>
    <subfield code="c">LSHTK</subfield>
    <subfield code="d">2025-09-18</subfield>
    <subfield code="l">0</subfield>
    <subfield code="o">NAT 495.932321</subfield>
    <subfield code="p">2025-4423</subfield>
    <subfield code="r">2025-09-18 12:24:11</subfield>
    <subfield code="t">3</subfield>
    <subfield code="w">2025-09-18</subfield>
    <subfield code="y">KHB</subfield>
  </datafield>
</record>
